[Event "Dundee & Angus op"]
[Site "Dundee"]
[Date "2014.10.11"]
[Round "2"]
[White "Sanger, Mark"]
[Black "Robinson, Stephen"]
[Result "1-0"]
[WhiteElo "2046"]
[BlackElo "1843"]
[PlyCount "115"]
[EventDate "2014.10.10"]
[EventType "swiss"]
[EventRounds "5"]
[EventCountry "SCO"]
[SourceTitle "EXT 2017"]
[Source "ChessBase"]
[SourceDate "2016.10.25"]
[SourceVersion "1"]
[SourceVersionDate "2016.10.25"]
[SourceQuality "1"]

1. e4 e6 2. d4 d5 3. Nd2 Nf6 4. e5 Nfd7 5. Bd3 c5 6. c3 Nc6 7. Ne2 cxd4 8. cxd4 f6 9. Nf4 Nxd4 10. Qh5+ Ke7 11. Ng6+ hxg6 12. exf6+ Nxf6 13. Qxh8 Kf7 14. Qh4 e5 15. Nf3 Bb4+ 16. Kf1 Nxf3 17. gxf3 Qb6 18. Bg5 e4 19. fxe4 Qd4 20. Rd1 Nxe4 21. Bxe4 Qxd1+ 22. Kg2 Qg4+ 23. Qxg4 Bxg4 24. Bxd5+ Be6 25. Bxe6+ Kxe6 26. a3 Kf5 27. Be3 Bd6 28. Rd1 Be5 29. h3 g5 30. Rd7 b6 31. Rf7+ Kg6 32. Rd7 Bf6 33. a4 Kf5 34. b4 Ke6 35. Rb7 Kd5 36. Rc7 Kd6 37. Rc4 Re8 38. Rg4 Re5 39. h4 Rxe3 40. fxe3 gxh4 41. Rc4 Kd5 42. Rc7 a5 43. b5 Ke4 44. Rb7 Bd8 45. Rd7 Bf6 46. Rd6 Kxe3 47. Rxb6 Bd4 48. Rg6 Kf4 49. b6 Kf5 50. Rd6 Be3 51. b7 Ba7 52. Rd5+ Kg4 53. Rxa5 h3+ 54. Kh1 Bb8 55. Ra8 Be5 56. b8Q Bxb8 57. Rxb8 g5 58. a5 1-0

[Event "Prestwick Airport op"]
[Site "Prestwick"]
[Date "2011.05.15"]
[Round "4"]
[White "Sanger, Mark"]
[Black "Malkin, Kenneth"]
[Result "0-1"]
[WhiteElo "2068"]
[BlackElo "1811"]
[PlyCount "72"]
[EventDate "2011.05.13"]
[EventType "swiss"]
[EventRounds "5"]
[EventCountry "SCO"]
[SourceTitle "EXT 2023"]
[Source "ChessBase"]
[SourceDate "2022.10.05"]
[SourceVersion "1"]
[SourceVersionDate "2022.10.05"]
[SourceQuality "1"]

1. e4 e5 2. Nc3 Nc6 3. f4 exf4 4. Nf3 d6 5. d4 g5 6. Bc4 Bg7 7. h3 h6 8. a3 Nf6 9. Qd3 Qe7 10. Bd2 Bd7 11. 0-0-0 0-0-0 12. Rhe1 Rhe8 13. Nd5 Qf8 14. Bb4 Nxb4 15. Nxb4 c6 16. Ba6 c5 17. dxc5 dxc5 18. Nd5 Bc6 19. Bc4 Kb8 20. Nd2 Nd7 21. Qb3 Ne5 22. Bf1 Rd6 23. Nc4 Nxc4 24. Bxc4 Bxd5 25. exd5 Rb6 26. Qa4 Bxb2+ 27. Kd2 Re3 28. Rxe3 fxe3+ 29. Kxe3 Qe7+ 30. Kd2 Bd4 31. Re1 Bc3+ 32. Kxc3 Qxe1+ 33. Kd3 Qd1+ 34. Ke3 Qd4+ 35. Ke2 Qe5+ 36. Kd2 Rf6 0-1